Исследование распределения макро- и микроэлементов между суммарным экстрактом и фракциями лекарственного растительного сырья ноотропного действия Alfredia cernua; Перспективы развития фундаментальных наук; Т. 2 : Химия
| Parent link: | Перспективы развития фундаментальных наук=Prospects of Fundamental Sciences Development: сборник научных трудов XV Международной конференции студентов, аспирантов и молодых ученых, г. Томск, 24-27 апреля 2018 г./ Национальный исследовательский Томский политехнический университет (ТПУ) ; под ред. И. А. Курзиной, Г. А. Вороновой.— , 2018 Т. 2 : Химия.— 2018.— [С. 183-185] |
|---|---|
| Autor principal: | |
| Autor corporatiu: | |
| Altres autors: | , |
| Sumari: | Заглавие с экрана The paper dwells on a quantitative determination of macro- and microelements in the ethanol Alfredia cernua extract and its chloroform, ethyl acetate, and butanol fractions. The distribution of macro- and microelements in the extract and fractions was investigated to further study of the interrelation between chemical composition and nootropic activity Alfredia cernua. It is shown that B, Fe, and Sn is mainly accumulated in butanol and Si, P, Al - in chloroform fraction respectively, but most macro- and microelements remain in the ethanol extract. |
| Idioma: | rus |
| Publicat: |
2018
|
| Matèries: | |
| Accés en línia: | http://earchive.tpu.ru/handle/11683/50757 |
| Format: | Electrònic Capítol de llibre |
| KOHA link: | https://koha.lib.tpu.ru/cgi-bin/koha/opac-detail.pl?biblionumber=627536 |
MARC
| LEADER | 00000naa2a2200000 4500 | ||
|---|---|---|---|
| 001 | 627536 | ||
| 005 | 20231101133451.0 | ||
| 035 | |a (RuTPU)RU\TPU\conf\27431 | ||
| 035 | |a RU\TPU\conf\27428 | ||
| 090 | |a 627536 | ||
| 100 | |a 20180912d2018 k y0rusy50 ca | ||
| 101 | 0 | |a rus |d eng | |
| 102 | |a RU | ||
| 105 | |a y z 100zy | ||
| 135 | |a drcn ---uucaa | ||
| 181 | 0 | |a i | |
| 182 | 0 | |a b | |
| 200 | 1 | |a Исследование распределения макро- и микроэлементов между суммарным экстрактом и фракциями лекарственного растительного сырья ноотропного действия Alfredia cernua |d Examination of macro- and microelements distribution between total extract and fractions for nootropic plant-derived raw material Alfredia cernua |f А. А. Логинова, Е. С. Рабцевич |g науч. рук. Е. В. Петрова | |
| 203 | |a Текст |c электронный | ||
| 230 | |a 1 компьютерный файл (pdf; 294 Kb) | ||
| 300 | |a Заглавие с экрана | ||
| 320 | |a [Библиогр.: с. 185 (2 назв.)] | ||
| 330 | |a The paper dwells on a quantitative determination of macro- and microelements in the ethanol Alfredia cernua extract and its chloroform, ethyl acetate, and butanol fractions. The distribution of macro- and microelements in the extract and fractions was investigated to further study of the interrelation between chemical composition and nootropic activity Alfredia cernua. It is shown that B, Fe, and Sn is mainly accumulated in butanol and Si, P, Al - in chloroform fraction respectively, but most macro- and microelements remain in the ethanol extract. | ||
| 461 | 1 | |0 (RuTPU)RU\TPU\conf\26928 |t Перспективы развития фундаментальных наук |l Prospects of Fundamental Sciences Development |o сборник научных трудов XV Международной конференции студентов, аспирантов и молодых ученых, г. Томск, 24-27 апреля 2018 г. |o в 7 т. |f Национальный исследовательский Томский политехнический университет (ТПУ) ; под ред. И. А. Курзиной, Г. А. Вороновой |d 2018 | |
| 463 | 1 | |0 (RuTPU)RU\TPU\conf\26930 |t Т. 2 : Химия |v [С. 183-185] |d 2018 | |
| 510 | 1 | |a Examination of macro- and microelements distribution between total extract and fractions for nootropic plant-derived raw material Alfredia cernua |z eng | |
| 610 | 1 | |a электронный ресурс | |
| 610 | 1 | |a макроэлементы | |
| 610 | 1 | |a микроэлементы | |
| 610 | 1 | |a экстракты | |
| 610 | 1 | |a фракции | |
| 610 | 1 | |a лекарственное сырье | |
| 610 | 1 | |a растительное сырье | |
| 610 | 1 | |a ноотропы | |
| 700 | 1 | |a Логинова |b А. А. | |
| 701 | 1 | |a Рабцевич |b Е. С. | |
| 702 | 1 | |a Петрова |b Е. В. |4 727 | |
| 712 | 0 | 2 | |a Национальный исследовательский Томский государственный университет (ТГУ) |c (2009- ) |2 stltpush |3 (RuTPU)RU\TPU\col\17230 |
| 801 | 2 | |a RU |b 63413507 |c 20181005 |g RCR | |
| 856 | 4 | |u http://earchive.tpu.ru/handle/11683/50757 | |
| 942 | |c BK | ||